[Event "CUB-ch 60th"]
[Site "Holguin"]
[Date "2024.02.08"]
[Round "4"]
[White "Garcia Matos, Richard Alejandro"]
[Black "Vitier Vazquez, Cristian"]
[Result "0-1"]
[WhiteElo "2315"]
[BlackElo "2393"]
[PlyCount "74"]
[EventDate "2024.02.05"]
[EventType "swiss"]
[EventRounds "10"]
[EventCountry "CUB"]
[SourceTitle "CB10_2024"]
[SourceDate "2024.03.06"]
[SourceVersion "1"]
[SourceVersionDate "2024.03.06"]
[SourceQuality "1"]

1. b3 d5 2. Nf3 c6 3. Bb2 Bf5 4. Nh4 Bg4 5. h3 Bh5 6. g4 e6 7. Nf3 Bg6 8. d3 Nd7 9. Nbd2 h6 10. Bg2 Ngf6 11. Ne5 Nxe5 12. Bxe5 Bd6 13. Bb2 Qe7 14. a3 e5 15. e3 0-0-0 16. Qe2 Kb8 17. b4 h5 18. 0-0-0 a5 19. bxa5 Bxa3 20. Nb3 Ne8 21. gxh5 Bxh5 22. f3 Nc7 23. c3 e4 24. Nd4 exd3 25. Qxd3 Bg6 26. Qd2 Bxb2+ 27. Kxb2 c5 28. Nb3 Na6 29. Ra1 c4 30. Nd4 Nc5 31. a6 Rd6 32. a7+ Ka8 33. Ra3 Rb6+ 34. Ka2 Nd3 35. Ra5 Rb2+ 36. Qxb2 Nxb2 37. Kxb2 Qxe3 0-1

[Event "CUB-ch 60th"]
[Site "Holguin"]
[Date "2024.02.07"]
[Round "3"]
[White "Vitier Vazquez, Cristian"]
[Black "Perez Marimon, Jorge De Jesus"]
[Result "1/2-1/2"]
[WhiteElo "2393"]
[BlackElo "2342"]
[PlyCount "64"]
[EventDate "2024.02.05"]
[EventType "swiss"]
[EventRounds "10"]
[EventCountry "CUB"]
[SourceTitle "CB10_2024"]
[SourceDate "2024.03.06"]
[SourceVersion "1"]
[SourceVersionDate "2024.03.06"]
[SourceQuality "1"]

1. d4 d5 2. c4 e6 3. Nf3 Nf6 4. g3 Be7 5. Bg2 0-0 6. 0-0 dxc4 7. Qc2 a6 8. a4 Bd7 9. Qxc4 Bc6 10. Bg5 Nbd7 11. Nc3 h6 12. Bxf6 Nxf6 13. Rfd1 a5 14. Qd3 Bb4 15. Ne5 Bxg2 16. Kxg2 Qe7 17. Qf3 c6 18. h4 Rad8 19. Rac1 Nd7 20. Nc4 Rfe8 21. e4 e5 22. d5 Nc5 23. Ne3 Bxc3 24. bxc3 Nxa4 25. Nf5 Qf6 26. dxc6 bxc6 27. Rxd8 Rxd8 28. Ra1 Nb6 29. Rxa5 Kh7 30. h5 Rd2 31. Ne3 Qxf3+ 32. Kxf3 Rd3 1/2-1/2

[Event "Sitges Sunway op 9th"]
[Site "Sitges"]
[Date "2022.12.21"]
[Round "9"]
[White "Vitier Vazquez, Cristian"]
[Black "Levi, Netanel"]
[Result "1-0"]
[WhiteElo "2424"]
[BlackElo "2179"]
[PlyCount "51"]
[EventDate "2022.12.12"]
[EventType "swiss"]
[EventRounds "10"]
[EventCountry "ESP"]
[SourceTitle "CBM 211 Extra"]
[Source "ChessBase"]
[SourceDate "2023.01.31"]
[SourceVersion "1"]
[SourceVersionDate "2023.01.31"]
[SourceQuality "1"]

1. d4 Nf6 2. c4 e6 3. g3 d5 4. Bg2 dxc4 5. Nf3 a6 6. 0-0 Nc6 7. Nbd2 Rb8 8. Nxc4 b5 9. Nfe5 Nxe5 10. Nxe5 Rb6 11. Qc2 Nd5 12. Bd2 f6 13. Nd3 Bb7 14. Rfc1 Rc6 15. Qb3 Rxc1+ 16. Rxc1 Kf7 17. Bh3 Bc8 18. Ba5 Bd6 19. e4 Nb6 20. Bxb6 cxb6 21. e5 Bb8 22. Nf4 Re8 23. Rc6 fxe5 24. Bxe6+ Bxe6 25. Nxe6 Qe7 26. Ng5+ 1-0

[Event "Sitges Sunway op 9th"]
[Site "Sitges"]
[Date "2022.12.16"]
[Round "5"]
[White "Vitier Vazquez, Cristian"]
[Black "Rakshitta, Ravi"]
[Result "1/2-1/2"]
[WhiteElo "2424"]
[BlackElo "2242"]
[PlyCount "166"]
[EventDate "2022.12.12"]
[EventType "swiss"]
[EventRounds "10"]
[EventCountry "ESP"]
[SourceTitle "CBM 211 Extra"]
[Source "ChessBase"]
[SourceDate "2023.01.31"]
[SourceVersion "1"]
[SourceVersionDate "2023.01.31"]
[SourceQuality "1"]

1. d4 Nf6 2. c4 e6 3. g3 d5 4. Bg2 Be7 5. Nf3 0-0 6. 0-0 dxc4 7. Qc2 c6 8. Qxc4 b5 9. Qb3 Bb7 10. Be3 Nbd7 11. Rc1 Rc8 12. Nbd2 a6 13. Ne5 Nxe5 14. dxe5 Nd7 15. Ne4 Nxe5 16. Nc5 Ba8 17. Rd1 Qa5 18. Nxe6 Rfe8 19. Bd4 Bf6 20. Nc5 Rcd8 21. e3 b4 22. a3 bxa3 23. Rxa3 Qb5 24. Qc2 Qb4 25. Rb3 Qa5 26. h3 Ng6 27. Ra3 Qb5 28. Bf1 Qb8 29. Bxf6 gxf6 30. Nd7 Rxd7 31. Rxd7 Ne5 32. Rd1 Nf3+ 33. Kh1 c5 34. Bg2 Qc8 35. g4 Qb8 36. Bxf3 Bxf3+ 37. Kg1 Bxd1 38. Qxd1 Qxb2 39. Rxa6 c4 40. Qd7 Qb1+ 41. Kh2 Qb8+ 42. Kg2 Qe5 43. Ra7 Qe4+ 44. f3 Qe6 45. Qxe6 Rxe6 46. Kf2 Rb6 47. Rc7 Rb2+ 48. Kg3 Rc2 49. h4 Kg7 50. Kf4 c3 51. h5 h6 52. e4 Rc1 53. Ke3 Kf8 54. Ke2 Ke8 55. Kd3 Rd1+ 56. Kc2 Rd2+ 57. Kb3 Rb2+ 58. Ka3 Rc2 59. Rc5 Ke7 60. Kb3 Rf2 61. Rxc3 Ke6 62. Rd3 Ke5 63. Rd5+ Ke6 64. Rf5 Rd2 65. Kc3 Rd1 66. Kc2 Rd7 67. Rb5 Rd4 68. Kc3 Rd1 69. Kc4 Rf1 70. Rf5 Rd1 71. Kc5 Rd3 72. Kc4 Rd1 73. Kc3 Rd6 74. Rd5 Rxd5 75. exd5+ Kxd5 76. f4 Ke6 77. Kd4 Kd6 78. Ke3 Ke6 79. Kd4 Kd6 80. Kc4 Ke6 81. Kc5 Kd7 82. Kd5 Ke7 83. Kd4 Kd6 1/2-1/2

[Event "Sitges Sunway op 9th"]
[Site "Sitges"]
[Date "2022.12.14"]
[Round "3"]
[White "Vitier Vazquez, Cristian"]
[Black "Puranik, Abhimanyu Sameer"]
[Result "0-1"]
[WhiteElo "2424"]
[BlackElo "2616"]
[PlyCount "68"]
[EventDate "2022.12.12"]
[EventType "swiss"]
[EventRounds "10"]
[EventCountry "ESP"]
[SourceTitle "CBM 211 Extra"]
[Source "ChessBase"]
[SourceDate "2023.01.31"]
[SourceVersion "1"]
[SourceVersionDate "2023.01.31"]
[SourceQuality "1"]

1. d4 Nf6 2. Nf3 g6 3. Bg5 Bg7 4. c3 0-0 5. Nbd2 d5 6. e3 Nbd7 7. Be2 Re8 8. 0-0 e5 9. h3 a5 10. Rc1 c6 11. Bh4 a4 12. c4 e4 13. Nh2 Qa5 14. cxd5 Nxd5 15. Nc4 Qb4 16. Bg3 Qe7 17. Ng4 f5 18. Nge5 N7f6 19. Re1 Be6 20. f3 Bh6 21. Bf1 Rf8 22. f4 g5 23. fxg5 Bxg5 24. Bf2 Kh8 25. g3 Rg8 26. Kh2 Rg7 27. Nd2 a3 28. b3 Rag8 29. Nb1 Nd7 30. Nxd7 Qxd7 31. Nc3 Qc7 32. Nxd5 Bxd5 33. Qh5 Bf7 34. Qe2 Bh4 0-1

[Event "Sitges Sunway op 9th"]
[Site "Sitges"]
[Date "2022.12.13"]
[Round "2"]
[White "Rajarishi, Karthi"]
[Black "Vitier Vazquez, Cristian"]
[Result "0-1"]
[WhiteElo "2239"]
[BlackElo "2424"]
[PlyCount "64"]
[EventDate "2022.12.12"]
[EventType "swiss"]
[EventRounds "10"]
[EventCountry "ESP"]
[SourceTitle "CBM 211 Extra"]
[Source "ChessBase"]
[SourceDate "2023.01.31"]
[SourceVersion "1"]
[SourceVersionDate "2023.01.31"]
[SourceQuality "1"]

1. d4 d5 2. c4 c6 3. Nc3 Nf6 4. Nf3 e6 5. cxd5 exd5 6. Bg5 Nbd7 7. e3 h6 8. Bh4 g5 9. Bg3 Nh5 10. Bd3 Nxg3 11. hxg3 Bg7 12. Qc2 Nb6 13. 0-0-0 Be6 14. e4 g4 15. Nh4 Bxd4 16. Kb1 Bg7 17. exd5 Nxd5 18. Bf5 Nxc3+ 19. bxc3 Qb6+ 20. Kc1 0-0 21. Bh7+ Kh8 22. Nf5 Qc5 23. Rh5 Qa3+ 24. Kb1 Rad8 25. Rdh1 Bxc3 26. Rxh6 Qb4+ 27. Qb3 Qe4+ 28. Qc2 Bxa2+ 29. Kc1 Bd2+ 30. Kb2 Qxc2+ 31. Kxc2 Bxh6 32. Rxh6 Rfe8 0-1

[Event "Sitges Sunway op 9th"]
[Site "Sitges"]
[Date "2022.12.12"]
[Round "1"]
[White "Vitier Vazquez, Cristian"]
[Black "Jimenez Fernandez, Rebeca"]
[Result "1-0"]
[WhiteElo "2424"]
[BlackElo "2040"]
[PlyCount "123"]
[EventDate "2022.12.12"]
[EventType "swiss"]
[EventRounds "10"]
[EventCountry "ESP"]
[SourceTitle "CBM 211 Extra"]
[Source "ChessBase"]
[SourceDate "2023.01.31"]
[SourceVersion "1"]
[SourceVersionDate "2023.01.31"]
[SourceQuality "1"]

1. d4 Nf6 2. c4 e6 3. g3 d5 4. Bg2 Be7 5. Nf3 0-0 6. 0-0 dxc4 7. Qc2 b5 8. a4 b4 9. Nbd2 Bb7 10. Nxc4 Be4 11. Qb3 c5 12. dxc5 Bxc5 13. Bf4 Nc6 14. Rfd1 Qe7 15. Rac1 Bd5 16. Qc2 Rac8 17. Ne3 Na5 18. Qd3 Bb3 19. Re1 Qd8 20. Qb5 Qb6 21. Ne5 Qxb5 22. axb5 Bd4 23. Ra1 Bb6 24. Nd3 Nc4 25. Nxb4 Nxe3 26. Bxe3 Bxe3 27. fxe3 Rc5 28. Bc6 Nd5 29. Nd3 Rc2 30. Rxa7 Nxe3 31. Rc1 Rxc1+ 32. Nxc1 Bd5 33. Nd3 g6 34. Nb4 Rb8 35. Nxd5 Nxd5 36. Kf2 Kg7 37. b3 Kf6 38. e4 Nb6 39. Ke3 Nc8 40. Rc7 Nd6 41. Rd7 Nxb5 42. Kd3 Rb6 43. Bxb5 Rxb5 44. Kc4 Rh5 45. Rd2 Re5 46. Rd4 Rh5 47. h4 g5 48. b4 gxh4 49. gxh4 Ke5 50. b5 Rxh4 51. b6 Rg4 52. b7 Rg8 53. Rd7 Kxe4 54. Rxf7 h5 55. Kc5 Rb8 56. Kc6 e5 57. Kc7 Rxb7+ 58. Kxb7 Kd4 59. Rd7+ Kc5 60. Rd1 e4 61. Kc7 e3 62. Rd3 1-0

[Event "La Habana Isla"]
[Site "La Habana"]
[Date "2022.11.08"]
[Round "9"]
[White "Elias Reyes, Jorge Roberto"]
[Black "Vitier Vazquez, Cristian"]
[Result "1-0"]
[WhiteElo "2441"]
[BlackElo "2419"]
[PlyCount "75"]
[EventDate "2022.11.01"]
[EventType "tourn"]
[EventRounds "9"]
[EventCountry "CUB"]
[EventCategory "4"]
[SourceTitle "EXT 2024"]
[Source "ChessBase"]
[SourceDate "2023.10.10"]
[SourceVersion "1"]
[SourceVersionDate "2023.10.10"]
[SourceQuality "1"]

1. e4 d6 2. d4 Nf6 3. Nc3 c6 4. f4 Qa5 5. Bd3 Nbd7 6. Nf3 e5 7. 0-0 Be7 8. Kh1 0-0 9. Qe1 Re8 10. Bd2 Qc7 11. fxe5 dxe5 12. dxe5 Nxe5 13. Nxe5 Qxe5 14. Bf4 Qh5 15. e5 Nd5 16. Nxd5 cxd5 17. Qa5 Be6 18. Qc7 Bg5 19. Bxg5 Qxg5 20. Rae1 Qd8 21. Qxb7 Rb8 22. Qxa7 Rxb2 23. a4 Qa8 24. Qd4 Reb8 25. c3 Ra2 26. Rb1 Rbb2 27. Rxb2 Rxb2 28. Rb1 Rxb1+ 29. Bxb1 Qb8 30. Bd3 Qb2 31. h3 g6 32. Kh2 Qa2 33. Qb4 h5 34. a5 Qf2 35. Qd4 Qa2 36. a6 Kg7 37. a7 h4 38. Bb5 1-0

[Event "La Habana Isla"]
[Site "La Habana"]
[Date "2022.11.07"]
[Round "8"]
[White "Vitier Vazquez, Cristian"]
[Black "Cofre Archibold, Nestor"]
[Result "1-0"]
[WhiteElo "2419"]
[BlackElo "2323"]
[PlyCount "111"]
[EventDate "2022.11.01"]
[EventType "tourn"]
[EventRounds "9"]
[EventCountry "CUB"]
[EventCategory "4"]
[SourceTitle "EXT 2024"]
[Source "ChessBase"]
[SourceDate "2023.10.10"]
[SourceVersion "1"]
[SourceVersionDate "2023.10.10"]
[SourceQuality "1"]

1. d4 Nf6 2. Nf3 g6 3. Nbd2 c5 4. e3 Bg7 5. c3 cxd4 6. exd4 Nc6 7. Bd3 d5 8. 0-0 0-0 9. Re1 Bg4 10. h3 Bxf3 11. Nxf3 Qc7 12. Bg5 h6 13. Bd2 Nd7 14. Bb5 Rfe8 15. Qc1 Kh7 16. Bf4 Qb6 17. Ba4 Qa6 18. Bb3 e6 19. h4 Rac8 20. Bc2 h5 21. Qd2 Na5 22. Bd3 Nc4 23. Qe2 Qc6 24. Ne5 Ndxe5 25. dxe5 Kg8 26. b3 Na3 27. Bc1 Bf8 28. Bd2 d4 29. c4 Be7 30. g4 Kg7 31. gxh5 Rh8 32. h6+ Kf8 33. Bg5 Qc5 34. Qf3 Ke8 35. Qxb7 Rc7 36. Qa8+ Rc8 37. Qf3 a5 38. Re4 Qb4 39. Rf4 Bxg5 40. hxg5 Qe7 41. Rf6 Rf8 42. Qg4 Rc5 43. f4 Kd7 44. Qf3 Kc7 45. Kf2 Kb8 46. Rh1 Rc7 47. h7 Rh8 48. Qe4 Qc5 49. Kg3 Rd7 50. Be2 Kc7 51. Bf3 Kb6 52. f5 gxf5 53. Qf4 Re7 54. Qxf5 d3 55. Qe4 Nc2 56. g6 1-0

[Event "La Habana Isla"]
[Site "La Habana"]
[Date "2022.11.03"]
[Round "3"]
[White "Vargas Rodriguez, Wilver"]
[Black "Vitier Vazquez, Cristian"]
[Result "0-1"]
[WhiteElo "2334"]
[BlackElo "2419"]
[PlyCount "146"]
[EventDate "2022.11.01"]
[EventType "tourn"]
[EventRounds "9"]
[EventCountry "CUB"]
[EventCategory "4"]
[SourceTitle "EXT 2024"]
[Source "ChessBase"]
[SourceDate "2023.10.10"]
[SourceVersion "1"]
[SourceVersionDate "2023.10.10"]
[SourceQuality "1"]

1. e4 c6 2. d4 d5 3. Nc3 dxe4 4. Nxe4 Bf5 5. Ng3 Bg6 6. Nf3 Nd7 7. Bd3 Ngf6 8. h4 Bxd3 9. Qxd3 e6 10. Bf4 Qa5+ 11. Bd2 Bb4 12. c3 Be7 13. Ne4 0-0 14. Nxf6+ Nxf6 15. 0-0 Rfd8 16. Rfe1 c5 17. Qe2 cxd4 18. Nxd4 Qd5 19. Bg5 h6 20. Bxf6 Bxf6 21. Nf3 Qh5 22. g3 Rd5 23. Rad1 Rad8 24. Kg2 b5 25. a3 a6 26. Rxd5 Qxd5 27. Qe4 h5 28. Re2 Qd1 29. Qc2 Kf8 30. Qxd1 Rxd1 31. Re1 Rd3 32. Re4 Ke7 33. a4 Kd6 34. axb5 axb5 35. Rb4 Rd5 36. Kf1 e5 37. Ke2 Be7 38. Nd2 Kc6 39. Rb3 f6 40. Nf1 Rd7 41. Ne3 Bc5 42. c4 bxc4 43. Nxc4 Ra7 44. Rb8 Bd4 45. Rc8+ Kd5 46. Ne3+ Ke6 47. Rc6+ Kf7 48. b4 Ra2+ 49. Rc2 Rxc2+ 50. Nxc2 Ba7 51. Na3 Ke6 52. Nb5 Bb6 53. Nc3 f5 54. f3 g6 55. Kd3 Bf2 56. Ne2 Kd5 57. Kc3 Be1+ 58. Kb3 f4 59. gxf4 Bxh4 60. b5 Bf2 61. Nc3+ Ke6 62. Ne4 Bb6 63. Kc4 h4 64. Kd3 Kf5 65. fxe5 Kxe5 66. Ke2 Kf4 67. Nf2 Kg3 68. Ne4+ Kg2 69. Nf6 h3 70. Ng4 Bg1 71. f4 Bb6 72. Ke1 Kg3 73. f5 Kxg4 0-1

[Event "La Habana Isla"]
[Site "La Habana"]
[Date "2022.11.01"]
[Round "1"]
[White "Vitier Vazquez, Cristian"]
[Black "Giron, Jorge Ernesto"]
[Result "1-0"]
[WhiteElo "2419"]
[BlackElo "2311"]
[PlyCount "103"]
[EventDate "2022.11.01"]
[EventType "tourn"]
[EventRounds "9"]
[EventCountry "CUB"]
[EventCategory "4"]
[SourceTitle "EXT 2024"]
[Source "ChessBase"]
[SourceDate "2023.10.10"]
[SourceVersion "1"]
[SourceVersionDate "2023.10.10"]
[SourceQuality "1"]

1. d4 Nf6 2. c4 e6 3. g3 Bb4+ 4. Nd2 d5 5. Bg2 0-0 6. Ngf3 dxc4 7. Qc2 a6 8. Qxc4 Be7 9. Qc2 Bd7 10. 0-0 Bc6 11. e4 b6 12. Ne5 Bb7 13. Rd1 Qc8 14. Nf1 c5 15. d5 exd5 16. exd5 Nfd7 17. Nc4 Ra7 18. a4 Qd8 19. Bf4 Re8 20. Nfe3 g6 21. h4 Bf8 22. h5 Nf6 23. Bg5 Bg7 24. h6 Bh8 25. Ng4 Bc8 26. Nxf6+ Bxf6 27. Bxf6 Qxf6 28. d6 Bg4 29. Re1 Rd8 30. Bd5 Be6 31. Bxe6 fxe6 32. Nxb6 Nc6 33. Qxc5 Nd4 34. Re3 Rf7 35. Rf1 Nf5 36. Rd3 Qxb2 37. d7 Qe2 38. Rdd1 Qg4 39. Qc7 Rff8 40. Qe5 Nxh6 41. Rfe1 Nf7 42. Qxe6 Qxe6 43. Rxe6 Ng5 44. Rc6 Kg7 45. Kg2 Rf6 46. Rc8 Nf7 47. a5 Re6 48. Rd3 Re7 49. Rdc3 Re5 50. Rf3 Rf5 51. Re3 Rxa5 52. Re7 1-0

[Event "Carlos Torre Memorial op 31st"]
[Site "Merida"]
[Date "2019.12.15"]
[Round "3"]
[White "Fernandez Bustamante, Leancy B"]
[Black "Vitier Vazquez, Cristian"]
[Result "0-1"]
[WhiteElo "2069"]
[BlackElo "2405"]
[PlyCount "108"]
[EventDate "2019.12.13"]
[EventType "swiss"]
[EventRounds "9"]
[EventCountry "MEX"]
[SourceTitle "CBM 193 Extra"]
[Source "ChessBase"]
[SourceDate "2020.01.31"]
[SourceVersion "1"]
[SourceVersionDate "2020.01.31"]
[SourceQuality "1"]

1. e4 e5 2. Nf3 Nc6 3. Nc3 Nf6 4. Bb5 Bc5 5. Nxe5 Nxe5 6. d4 Bd6 7. dxe5 Bxe5 8. 0-0 0-0 9. Bd3 Re8 10. Bg5 h6 11. Bh4 g5 12. Bg3 d6 13. Bxe5 dxe5 14. Nd5 Nxd5 15. exd5 e4 16. Bc4 Qf6 17. c3 Bf5 18. Qe2 Bg6 19. Rad1 Qd6 20. Bb3 f5 21. c4 Kh7 22. Qe3 f4 23. Qd4 b6 24. Ba4 Re7 25. Rfe1 Rd8 26. Bc2 c5 27. Qc3 Re5 28. Ba4 Rf8 29. a3 g4 30. b4 Rh5 31. bxc5 bxc5 32. Rb1 Qe7 33. Bc2 Rf7 34. Rb8 Rg7 35. g3 Qd6 36. Reb1 Re5 37. Rd8 Qxd8 38. Qxe5 fxg3 39. hxg3 Re7 40. Qf4 Rf7 41. Qxg4 Qf6 42. Qe2 Qd4 43. Rd1 Qe5 44. Re1 Re7 45. Qe3 h5 46. Kg2 Kg7 47. Qxc5 Rc7 48. Qb4 h4 49. gxh4 Rf7 50. Re3 Rf3 51. d6 Qf6 52. Qd2 Qf4 53. Qc3+ Kf7 54. c5 Rxf2+ 0-1

[Event "La Vega op 3rd"]
[Site "La Vega"]
[Date "2019.08.25"]
[Round "9"]
[White "Vitier Vazquez, Cristian"]
[Black "Ruiz Castillo, Joshua Daniel"]
[Result "1/2-1/2"]
[WhiteElo "2370"]
[BlackElo "2482"]
[PlyCount "120"]
[EventDate "2019.08.20"]
[EventType "swiss"]
[EventRounds "9"]
[EventCountry "DOM"]
[SourceTitle "EXT 2020"]
[Source "ChessBase"]
[SourceDate "2019.10.17"]
[SourceVersion "1"]
[SourceVersionDate "2019.10.17"]
[SourceQuality "1"]

1. d4 Nf6 2. c4 e6 3. Nc3 Bb4 4. Nf3 0-0 5. Bg5 c5 6. e3 h6 7. Bh4 cxd4 8. exd4 d5 9. Bd3 dxc4 10. Bxc4 a6 11. 0-0 b5 12. Bb3 Be7 13. Qe2 Bb7 14. Rad1 Nbd7 15. Rfe1 Nb6 16. d5 e5 17. Qxe5 Bb4 18. Ne4 Nbd7 19. Nxf6+ Nxf6 20. Bxf6 Qxf6 21. Qxf6 gxf6 22. Re4 Bd6 23. Nd4 Bc8 24. Bc2 Be5 25. b3 Bd7 26. Ree1 Bg4 27. f3 Bd7 28. Kf1 b4 29. Bf5 Bxd4 30. Bxd7 Be5 31. g3 Rfd8 32. Bc6 Rab8 33. f4 Bd6 34. Kg2 Kg7 35. Kf3 f5 36. Re2 Kf6 37. Rde1 Bc5 38. h3 h5 39. h4 Rg8 40. Re5 Rgd8 41. Re8 Rxe8 42. Bxe8 Rd8 43. Bc6 Bd6 44. Rc1 Rc8 45. Re1 Rd8 46. Re2 Bc5 47. Re5 Bd6 48. Re8 Rxe8 49. Bxe8 Ke7 50. Bc6 Bc5 51. Bb7 a5 52. Bc8 Kf6 53. Ba6 Ke7 54. Bd3 Kd6 55. Bxf5 Kxd5 56. Bd3 Ke6 57. g4 hxg4+ 58. Kxg4 Kf6 59. h5 Bf8 60. Kf3 Bg7 1/2-1/2

[Event "La Vega op 3rd"]
[Site "La Vega"]
[Date "2019.08.23"]
[Round "6"]
[White "Vitier Vazquez, Cristian"]
[Black "Luxama, Jacques Muller"]
[Result "1-0"]
[WhiteElo "2370"]
[BlackElo "1888"]
[PlyCount "97"]
[EventDate "2019.08.20"]
[EventType "swiss"]
[EventRounds "9"]
[EventCountry "DOM"]
[SourceTitle "EXT 2020"]
[Source "ChessBase"]
[SourceDate "2019.10.17"]
[SourceVersion "1"]
[SourceVersionDate "2019.10.17"]
[SourceQuality "1"]

1. d4 d5 2. c4 e6 3. Nc3 Nf6 4. cxd5 exd5 5. Bg5 Nbd7 6. e3 Be7 7. Bd3 0-0 8. Nf3 c6 9. Qc2 Re8 10. h3 Nf8 11. 0-0 Ne4 12. Bf4 f5 13. Ne5 Nd7 14. f3 Nxe5 15. Bxe5 Nxc3 16. bxc3 Rf8 17. e4 g6 18. Rab1 b6 19. Qa4 b5 20. Qc2 Be6 21. a4 a6 22. Ra1 Bd6 23. Bxd6 Qxd6 24. e5 Qe7 25. f4 Kh8 26. Qc1 Rfb8 27. Kh2 Kg7 28. Qc2 c5 29. axb5 c4 30. Be2 axb5 31. Rxa8 Rxa8 32. Rb1 Ra5 33. Bf3 Qh4 34. Qd2 h6 35. Rg1 Qe7 36. Rb1 Qh4 37. Rb4 Qe7 38. Qf2 Kh7 39. Qg3 g5 40. fxg5 hxg5 41. Bh5 Kh6 42. Bd1 Kg6 43. Qf3 Qh7 44. Bc2 Qd7 45. Bb1 Kh6 46. h4 Ra8 47. hxg5+ Kg7 48. Kg3 Rh8 49. Rb2 1-0

[Event "La Vega op 3rd"]
[Site "La Vega"]
[Date "2019.08.22"]
[Round "5"]
[White "Diaz Garcia, Roberto"]
[Black "Vitier Vazquez, Cristian"]
[Result "0-1"]
[WhiteElo "1976"]
[BlackElo "2370"]
[PlyCount "81"]
[EventDate "2019.08.20"]
[EventType "swiss"]
[EventRounds "9"]
[EventCountry "DOM"]
[SourceTitle "EXT 2020"]
[Source "ChessBase"]
[SourceDate "2019.10.17"]
[SourceVersion "1"]
[SourceVersionDate "2019.10.17"]
[SourceQuality "1"]

1. e4 c5 2. f4 d6 3. Bb5+ Bd7 4. Bxd7+ Qxd7 5. d3 g6 6. Nf3 Bg7 7. 0-0 Nc6 8. Nc3 Nh6 9. Qe1 Nd4 10. Qd1 f5 11. e5 Nxf3+ 12. Qxf3 dxe5 13. fxe5 Ng4 14. Bf4 Nxe5 15. Bxe5 Bxe5 16. Rae1 Bd4+ 17. Kh1 0-0-0 18. Re2 e6 19. Rfe1 Rde8 20. Nd1 h5 21. Qf4 Rhg8 22. Qg5 Qf7 23. c3 Bf6 24. Qe3 Qc7 25. b4 cxb4 26. Qxa7 Bxc3 27. Rc2 b6 28. Qxc7+ Kxc7 29. Nxc3 Kd7 30. Nb5 Rc8 31. Rce2 Rge8 32. h3 Ra8 33. Rc1 Rec8 34. Rc4 Rxc4 35. dxc4 Rc8 36. Rc2 e5 37. Rd2+ Ke7 38. Rd6 Rxc4 39. Rxb6 f4 40. Kg1 Rc2 41. Kf1 0-1

[Event "La Vega op 3rd"]
[Site "La Vega"]
[Date "2019.08.21"]
[Round "3"]
[White "Hernandez Sanchez, Jairo Andres"]
[Black "Vitier Vazquez, Cristian"]
[Result "1-0"]
[WhiteElo "2412"]
[BlackElo "2370"]
[PlyCount "90"]
[EventDate "2019.08.20"]
[EventType "swiss"]
[EventRounds "9"]
[EventCountry "DOM"]
[SourceTitle "EXT 2020"]
[Source "ChessBase"]
[SourceDate "2019.10.17"]
[SourceVersion "1"]
[SourceVersionDate "2019.10.17"]
[SourceQuality "1"]

1. e4 c5 2. Nf3 d6 3. Bb5+ Bd7 4. Bxd7+ Qxd7 5. c4 Nf6 6. Nc3 g6 7. d4 cxd4 8. Nxd4 Bg7 9. f3 0-0 10. Be3 Nc6 11. Rc1 Rac8 12. b3 Qd8 13. 0-0 Qa5 14. Qd2 Rfd8 15. Rfd1 a6 16. Qf2 Re8 17. Nxc6 Rxc6 18. Bd4 e5 19. Be3 b5 20. Bg5 bxc4 21. b4 Qd8 22. Nd5 h6 23. Bxf6 Bxf6 24. Qe2 Bg5 25. Rxc4 Qc8 26. Rxc6 Qxc6 27. Qd3 Rc8 28. g3 Qa4 29. Qb3 Qb5 30. Rd3 Rc1+ 31. Kg2 Ra1 32. f4 exf4 33. gxf4 Bd8 34. a3 Ra2+ 35. Kg3 h5 36. f5 h4+ 37. Kh3 g5 38. Qc3 Re2 39. Qd4 g4+ 40. Kxg4 Rxh2 41. Qc3 Rg2+ 42. Kh3 Qxd3+ 43. Qxd3 Rg3+ 44. Qxg3+ hxg3 45. Kxg3 Kf8 1-0

[Event "Carlos Torre Memorial op 30th"]
[Site "Merida"]
[Date "2018.12.16"]
[Round "5"]
[White "Vitier Vazquez, Cristian"]
[Black "Martinez Duany, Lelys Stanley"]
[Result "0-1"]
[WhiteElo "2392"]
[BlackElo "2536"]
[PlyCount "144"]
[EventDate "2018.12.14"]
[EventType "swiss"]
[EventRounds "9"]
[EventCountry "MEX"]
[SourceTitle "CBM 187 Extra"]
[Source "ChessBase"]
[SourceDate "2018.11.04"]
[SourceVersion "1"]
[SourceVersionDate "2018.11.04"]
[SourceQuality "1"]

1. d4 Nf6 2. c4 c5 3. d5 e5 4. Nc3 d6 5. e4 Be7 6. g3 Nbd7 7. Bg2 0-0 8. Nge2 Ne8 9. 0-0 Rb8 10. Be3 g6 11. Bh6 Ng7 12. Qd2 Nf6 13. h3 Kh8 14. Rae1 Ng8 15. Be3 f5 16. f4 exf4 17. Bxf4 g5 18. Be3 Nh6 19. Rf2 Nf7 20. Ref1 Ne5 21. b3 Bd7 22. Qc2 Qc8 23. Kh2 Rf7 24. Bc1 Qf8 25. Nd1 b5 26. Ne3 bxc4 27. bxc4 Rb4 28. exf5 Ba4 29. Qe4 Nh5 30. Bh1 Nf6 31. Qg2 Qh6 32. Kg1 Nxc4 33. Nxc4 Rxc4 34. Bb2 Kg8 35. Nc3 g4 36. h4 Qe3 37. Nxa4 Ne4 38. Bc1 Qxg3 39. Qxg3 Nxg3 40. Nb2 Rd4 41. Rd1 Rxd1+ 42. Nxd1 Bxh4 43. Bg2 Nxf5 44. Re2 h5 45. Bb2 Bf6 46. Bxf6 Rxf6 47. Nf2 Nd4 48. Re3 a5 49. a4 Rf4 50. Re4 Rf7 51. Re3 Rb7 52. Ne4 Nf5 53. Re1 Kg7 54. Rf1 Rf7 55. Ng5 Rf6 56. Ne4 Rf8 57. Ng5 Nd4 58. Rxf8 Kxf8 59. Ne4 Ke7 60. Kf2 Nf5 61. Bf1 h4 62. Bd3 h3 63. Ng3 Nxg3 64. Kxg3 Kf6 65. Be2 Ke5 66. Bxg4 c4 67. Kxh3 Kxd5 68. Kg3 Ke4 69. Kf2 Kd3 70. Be2+ Kc3 71. Bf3 Kd2 72. Be4 c3 0-1

[Event "Capablanca Memorial op 53rd"]
[Site "Havana"]
[Date "2018.05.15"]
[Round "6"]
[White "Vitier Vazquez, Cristian"]
[Black "Fernandez Garcia, Arturo"]
[Result "1-0"]
[WhiteElo "2368"]
[BlackElo "2105"]
[PlyCount "69"]
[EventDate "2018.05.09"]
[EventType "swiss"]
[EventRounds "10"]
[EventCountry "CUB"]
[SourceTitle "EXT 2021"]
[Source "ChessBase"]
[SourceDate "2020.10.23"]
[SourceVersion "1"]
[SourceVersionDate "2020.10.23"]
[SourceQuality "1"]

1. d4 Nf6 2. Nf3 e6 3. e3 d5 4. Bd3 c5 5. c3 Nc6 6. 0-0 Be7 7. Nbd2 b6 8. dxc5 Bxc5 9. e4 dxe4 10. Nxe4 Nxe4 11. Bxe4 Qxd1 12. Rxd1 Bb7 13. Bf4 Na5 14. Bc2 Be7 15. b4 Nc6 16. Ba4 Rc8 17. Ng5 Bxg5 18. Bxg5 f6 19. Bc1 Rc7 20. Ba3 Kf7 21. Bb3 Rhc8 22. Rd6 Re8 23. f4 b5 24. f5 Bc8 25. c4 bxc4 26. Bxc4 Ne5 27. Bb3 g6 28. fxg6+ hxg6 29. Bb2 Ke7 30. Rd4 Ba6 31. Rh4 Rec8 32. Rh7+ Nf7 33. b5 Bxb5 34. Ba3+ Ke8 35. Bxe6 1-0